000
00277nam a22001337a 4500
008
181107b xxu||||| |||| 00| 0 eng d
020
_a
394519078
041
_a
eng
080
_a
701
100
_a
45
101
_a
ART
245
_a
Masterpieces
_c
Cooke, C
942
_2
udc
_c
BK
999
_c
52229
_d
52229